[Event "23rd European Teams Women"]
[Site "Terme Catez SLO"]
[Date "2021.11.18"]
[Round "6.7"]
[Board "4"]
[White "Gajcin, Marina"]
[Black "Benmesbah, Natacha"]
[Result "1-0"]
[WhiteTitle "WIM"]
[BlackTitle "WIM"]
[WhiteElo "2198"]
[BlackElo "2256"]
[WhiteTeam "Serbia"]
[BlackTeam "France"]
[WhiteFideId "949086"]
[BlackFideId "642002"]
[EventDate "2021.11.12"]

1. e4 d6 2. d4 Nf6 3. Nc3 e5 4. Nf3 Nbd7 5. Bc4 Be7 6. O-O O-O 7. a4 exd4 8.
Nxd4 Ne5 9. Ba2 Nc6 10. Bf4 Nb4 11. Bb3 Ng4 12. Qd2 Ne5 13. Rad1 Bf6 14. Nce2 a5
15. Bg3 Bd7 16. f4 Ng6 17. c3 Na6 18. e5 dxe5 19. fxe5 Nxe5 20. Bxe5 Bxe5 21.
Rxf7 Rxf7 22. Nf3 Bf6 23. Qxd7 Qxd7 24. Rxd7 Rf8 25. Bc4 g5 26. Nfd4 Bg7 27. Nf5
b6 28. Neg3 Nc5 29. Rxc7 Be5 30. Nh6+ Kg7 31. Ngf5+ 1-0

[Event "23rd European Teams Women"]
[Site "Terme Catez SLO"]
[Date "2021.11.18"]
[Round "6.8"]
[Board "1"]
[White "Bulmaga, Irina"]
[Black "Shvayger, Yuliya"]
[Result "0-1"]
[WhiteTitle "IM"]
[BlackTitle "IM"]
[WhiteElo "2405"]
[BlackElo "2351"]
[WhiteTeam "Romania"]
[BlackTeam "Israel"]
[WhiteFideId "13903063"]
[BlackFideId "14100126"]
[EventDate "2021.11.12"]

1. e4 c5 2. Nf3 Nc6 3. Bb5 e6 4. O-O Nge7 5. Re1 a6 6. Bf1 Ng6 7. c3 Be7 8. d4
cxd4 9. cxd4 d5 10. e5 O-O 11. g3 f5 12. exf6 Bxf6 13. Nc3 b5 14. Be3 Bd7 15. h4
Nge7 16. Bh3 Rc8 17. Bf4 b4 18. Na4 Nf5 19. Bxf5 exf5 20. Ne5 Bxe5 21. Bxe5 Nxe5
22. Rxe5 f4 23. Nc5 fxg3 24. fxg3 Bh3 25. Qe2 Qf6 26. Re1 Rc7 27. Nd3 Bf5 28.
Nf4 Be4 29. Qe3 Rcf7 30. Ne6 Qf1+ 0-1

[Event "23rd European Teams Women"]
[Site "Terme Catez SLO"]
[Date "2021.11.18"]
[Round "6.8"]
[Board "2"]
[White "Klinova, Masha"]
[Black "Cosma, Elena-Luminita"]
[Result "1/2-1/2"]
[WhiteTitle "IM"]
[BlackTitle "WGM"]
[WhiteElo "2264"]
[BlackElo "2281"]
[WhiteTeam "Israel"]
[BlackTeam "Romania"]
[WhiteFideId "2802015"]
[BlackFideId "1201590"]
[EventDate "2021.11.12"]

1. e4 e6 2. d3 d5 3. Nd2 Nf6 4. Ngf3 a5 5. a4 b6 6. Be2 Be7 7. O-O O-O 8. c3 Ba6
9. Re1 c5 10. e5 Nfd7 11. d4 Nc6 12. Nb3 Qc8 13. Bg5 h6 14. Bxe7 Nxe7 15. Qd2
Bxe2 16. Rxe2 Qc7 17. Qe3 Nf5 18. Qf4 f6 19. Qg4 Rae8 20. Rae1 cxd4 21. Nbxd4
Nxd4 22. Qxd4 f5 23. c4 Qxc4 24. Qxc4 dxc4 25. Rc2 Nc5 26. Rxc4 Rd8 27. h4 Rd5
28. Rb1 Rfd8 29. b4 axb4 30. Rcxb4 Rd1+ 31. Rxd1 Rxd1+ 32. Kh2 1/2-1/2

[Event "23rd European Teams Women"]
[Site "Terme Catez SLO"]
[Date "2021.11.18"]
[Round "6.8"]
[Board "4"]
[White "Katkov, Michelle"]
[Black "Ciolacu, Alessia-Mihaela"]
[Result "0-1"]
[WhiteTitle "WFM"]
[BlackTitle "WFM"]
[WhiteElo "2059"]
[BlackElo "2263"]
[WhiteTeam "Israel"]
[BlackTeam "Romania"]
[WhiteFideId "2816393"]
[BlackFideId "1252640"]
[EventDate "2021.11.12"]

1. e4 c5 2. c3 Nf6 3. e5 Nd5 4. d4 cxd4 5. cxd4 Nc6 6. Nf3 e6 7. Bc4 d6 8. O-O
Be7 9. exd6 Qxd6 10. Nc3 O-O 11. Re1 Rd8 12. Bb3 Nf6 13. Nb5 Qd7 14. Bf4 a6 15.
Nc7 Ra7 16. d5 exd5 17. Rc1 Bb4 18. Re3 d4 19. Rd3 Bd6 20. Ng5 Bxf4 21. Nxf7
Qxc7 22. Nxd8+ Kf8 23. Nxc6 bxc6 24. Rc5 Bxh2+ 25. Kh1 Bd6 26. Rg5 c5 27. Rf3 c4
28. Qxd4 Be6 29. Bc2 Qe7 30. Bxh7 Rd7 31. Qh4 Bb8 32. Bc2 Qd6 33. Qh8+ Bg8 34.
g3 Qc6 35. Be4 Qxe4 0-1

[Event "23rd European Teams Women"]
[Site "Terme Catez SLO"]
[Date "2021.11.18"]
[Round "6.9"]
[Board "1"]
[White "Peng, Zhaoqin"]
[Black "Cramling, Pia"]
[Result "1/2-1/2"]
[WhiteTitle "GM"]
[BlackTitle "GM"]
[WhiteElo "2351"]
[BlackElo "2457"]
[WhiteTeam "Netherlands"]
[BlackTeam "Sweden"]
[WhiteFideId "1004786"]
[BlackFideId "1700030"]
[EventDate "2021.11.12"]

1. d4 Nf6 2. c4 e6 3. Nc3 Bb4 4. e3 O-O 5. Ne2 d5 6. a3 Be7 7. Ng3 Re8 8. Bd3
dxc4 9. Bxc4 c5 10. O-O cxd4 11. exd4 Nbd7 12. Be3 Nb6 13. Ba2 Bd7 14. Qd3 Bc6
15. Rad1 Nbd5 16. Nge4 Nxe4 17. Nxe4 Rc8 18. Rfe1 b6 19. Bd2 f5 20. Nc3 Bf6 21.
Bxd5 Bxd5 22. Bf4 Bb3 23. Rd2 Bc4 24. Qe3 h6 25. h3 Qd7 26. Be5 Bg5 27. Bf4 Be7
28. Qg3 Kh7 29. Be5 Bf8 30. Red1 Bb3 31. Re1 Bc4 32. Red1 Qe7 33. h4 Red8 34. d5
exd5 35. Nxd5 Bxd5 36. Rxd5 Rxd5 37. Rxd5 Rc4 38. Rd4 Rc5 39. Bf4 Qe6 40. Qe3
Qxe3 41. Bxe3 Rc7 42. h5 Be7 43. Rd5 Bf6 44. b3 1/2-1/2

[Event "23rd European Teams Women"]
[Site "Terme Catez SLO"]
[Date "2021.11.18"]
[Round "6.9"]
[Board "3"]
[White "Ratsma, Rosa"]
[Black "Zaritovskaja, Margarita"]
[Result "1-0"]
[WhiteTitle "WIM"]
[WhiteElo "2272"]
[BlackElo "2040"]
[WhiteTeam "Netherlands"]
[BlackTeam "Sweden"]
[WhiteFideId "1033662"]
[BlackFideId "14149249"]
[EventDate "2021.11.12"]

1. e4 c5 2. Nf3 e6 3. d4 cxd4 4. Nxd4 Nf6 5. Nc3 d6 6. g4 h6 7. Rg1 Nc6 8. h4 d5
9. Nxc6 bxc6 10. g5 hxg5 11. hxg5 Nd7 12. g6 fxg6 13. exd5 cxd5 14. Rxg6 Ne5 15.
Rg3 Bc5 16. Qe2 O-O 17. Be3 Qb6 18. Bxc5 Qxc5 19. O-O-O d4 20. Ne4 Qa5 21. Rxd4
Ba6 22. Qxa6 Qe1+ 23. Rd1 Qxe4 24. Qxe6+ Rf7 25. Re3 Qf4 26. Qxe5 Qxe5 27. Rxe5
Rxf2 28. Bc4+ Kf8 29. Rh1 1-0

[Event "23rd European Teams Women"]
[Site "Terme Catez SLO"]
[Date "2021.11.18"]
[Round "6.10"]
[Board "2"]
[White "Petrova, Kristyna"]
[Black "Hakimifard, Ghazal"]
[Result "1/2-1/2"]
[WhiteTitle "WGM"]
[BlackTitle "WGM"]
[WhiteElo "2275"]
[BlackElo "2267"]
[WhiteTeam "Czech Republic"]
[BlackTeam "Switzerland"]
[WhiteFideId "309672"]
[BlackFideId "12506540"]
[EventDate "2021.11.12"]

1. d4 Nf6 2. c4 e6 3. Nc3 Bb4 4. e3 O-O 5. Ne2 d5 6. a3 Bxc3+ 7. Nxc3 Nbd7 8. b3
c5 9. cxd5 exd5 10. Bb2 Re8 11. Bb5 a6 12. Bxd7 Qxd7 13. Na4 Qb5 14. dxc5 Bg4
15. Qc2 Rac8 16. Bd4 b6 17. Nc3 Rxc5 18. Bxc5 Qxc5 19. O-O Rc8 20. Rfc1 Ne4 21.
h3 Bf5 22. Nxe4 Qxc2 23. Rxc2 Rxc2 24. Ng3 Be6 25. b4 g6 26. Kf1 Bd7 27. Rd1
Bb5+ 28. Kg1 Bc4 29. e4 dxe4 30. Nxe4 Ra2 31. Rd8+ Kg7 32. Nd6 Be6 33. Ne8+ Kh6
34. Rd6 Rxa3 35. Rxb6 Ra4 36. Nd6 Bd5 37. Kh2 1/2-1/2

[Event "23rd European Teams Women"]
[Site "Terme Catez SLO"]
[Date "2021.11.18"]
[Round "6.10"]
[Board "3"]
[White "Stoeri, Laura"]
[Black "Miturova, Magdalena"]
[Result "1/2-1/2"]
[WhiteTitle "WFM"]
[BlackTitle "WIM"]
[WhiteElo "2130"]
[BlackElo "2248"]
[WhiteTeam "Switzerland"]
[BlackTeam "Czech Republic"]
[WhiteFideId "1304313"]
[BlackFideId "330221"]
[EventDate "2021.11.12"]

1. e4 e5 2. Nf3 Nc6 3. Bc4 Nf6 4. d3 Bc5 5. c3 O-O 6. O-O d6 7. a4 a6 8. Nbd2
Ba7 9. h3 Ne7 10. Re1 Ng6 11. Nf1 c6 12. Bb3 d5 13. Bg5 dxe4 14. dxe4 Qe7 15.
Ng3 Nf4 16. Qc2 h6 17. Bxf4 exf4 18. Nf5 Qc5 19. N3d4 Re8 20. Rad1 Kf8 21. Ba2
Kg8 22. b4 Qf8 23. e5 Nd5 24. Nd6 Rd8 25. N4f5 Be6 26. Bb1 g6 27. Nh4 Qg7 28.
Nxb7 Rd7 29. Nd6 Rad8 30. Rc1 Bb8 31. Ne4 Bxe5 32. Nc5 Re7 33. Nxe6 Rxe6 34. Nf3
Rde8 35. Ba2 Bf6 36. Rxe6 fxe6 37. Bc4 Nc7 38. Qd3 Rd8 39. Qe4 Bxc3 40. Qxc6
Bxb4 41. Bxa6 Rd6 42. Qxc7 Qxc7 43. Rxc7 Rxa6 44. Rc4 Bd6 45. Nd4 Kf7 1/2-1/2

[Event "23rd European Teams Women"]
[Site "Terme Catez SLO"]
[Date "2021.11.18"]
[Round "6.11"]
[Board "1"]
[White "Hrescak, Ivana"]
[Black "Garcia Martin, Marta"]
[Result "0-1"]
[WhiteTitle "WIM"]
[BlackTitle "IM"]
[WhiteElo "2138"]
[BlackElo "2324"]
[WhiteTeam "Slovenia 2"]
[BlackTeam "Spain"]
[WhiteFideId "14613441"]
[BlackFideId "32084030"]
[EventDate "2021.11.12"]

1. d4 Nf6 2. c4 e6 3. Nc3 Bb4 4. e3 O-O 5. Ne2 c6 6. a3 Ba5 7. Qc2 d5 8. cxd5
exd5 9. Ng3 h5 10. Be2 h4 11. Nf1 Re8 12. g3 c5 13. dxc5 d4 14. exd4 Nc6 15. Be3
Nxd4 16. Qd1 Qd5 17. Qxd4 Qxh1 18. O-O-O Bxc3 19. Qxc3 Nd5 20. Qd4 Nxe3 21. Nxe3
Qxh2 22. Bb5 Rf8 23. Nd5 Be6 24. Ne7+ Kh8 25. Qe4 Rad8 26. Bd3 Rxd3 27. Rxd3
hxg3 28. Rxg3 Qh6+ 29. Re3 Qg5 30. Qh1+ Qh6 31. Qxb7 Re8 32. Nf5 Bxf5 33. Qxf7
Qh1+ 34. Kd2 Rd8+ 35. Kc3 Qc1+ 36. Kb3 Bc2+ 37. Kb4 Qd2+ 38. Rc3 Rb8+ 39. Kc4
Qe2+ 40. Kd5 Qe4+ 41. Kd6 Qd4+ 42. Kc7 Qd8+ 43. Kc6 Ba4# 0-1

[Event "23rd European Teams Women"]
[Site "Terme Catez SLO"]
[Date "2021.11.18"]
[Round "6.11"]
[Board "3"]
[White "Ruzic, Pia Marie"]
[Black "Eizaguerri Floris, Maria"]
[Result "1-0"]
[BlackTitle "FM"]
[WhiteElo "2049"]
[BlackElo "2328"]
[WhiteTeam "Slovenia 2"]
[BlackTeam "Spain"]
[WhiteFideId "14620057"]
[BlackFideId "32065752"]
[EventDate "2021.11.12"]

1. Nf3 d5 2. c4 e6 3. g3 Nf6 4. Bg2 dxc4 5. Qa4+ Nbd7 6. Qxc4 a6 7. Qc2 c5 8.
O-O Bd6 9. d4 O-O 10. a4 cxd4 11. Nxd4 Nb6 12. Rd1 Qe7 13. Nc3 h6 14. e4 e5 15.
Nf5 Bxf5 16. exf5 Bb4 17. Qb3 Rab8 18. Be3 Nbd7 19. Rxd7 Qxd7 20. Qxb4 Qxf5 21.
Ba7 Ra8 22. Qxb7 Qc2 23. Nd5 Nxd5 24. Bxd5 Rac8 25. Be3 Qg6 26. b3 Kh8 27. Qb6
Qh5 28. Qxa6 f5 29. f4 exf4 30. Bxf4 Rc2 31. h4 Qg4 32. Qd3 Rfc8 33. Bc4 Rb2 34.
Be5 Rxc4 35. Qxc4 Qh3 36. Bxb2 Qxg3+ 37. Kf1 1-0

[Event "23rd European Teams Women"]
[Site "Terme Catez SLO"]
[Date "2021.11.18"]
[Round "6.11"]
[Board "4"]
[White "Calzetta Ruiz, Monica"]
[Black "Hercog, Nusa"]
[Result "1-0"]
[WhiteTitle "WGM"]
[BlackTitle "WFM"]
[WhiteElo "2201"]
[BlackElo "1983"]
[WhiteTeam "Spain"]
[BlackTeam "Slovenia 2"]
[WhiteFideId "2204185"]
[BlackFideId "14614324"]
[EventDate "2021.11.12"]

1. e4 c6 2. c4 d5 3. exd5 cxd5 4. cxd5 Nf6 5. Nc3 Nxd5 6. Nf3 Nc6 7. Bb5 e6 8.
O-O Be7 9. d4 O-O 10. Re1 a6 11. Bxc6 bxc6 12. Ne5 Qc7 13. Nxd5 cxd5 14. Bf4 Qb6
15. Re3 f6 16. Rb3 Qa7 17. Nc6 Qd7 18. Nxe7+ Qxe7 19. Rc1 Ra7 20. Rb6 Rd8 21.
Bd6 Qe8 22. Bc7 Rd7 23. Bb8 Rab7 24. Rxe6 Re7 25. Rxe7 Rxe7 26. Bg3 Bf5 27. h3
Re2 28. Qb3 Re1+ 29. Rxe1 Qxe1+ 30. Kh2 Qe6 31. Qb8+ Qc8 32. Qd6 Qe6 33. Qd8+
Kf7 34. b4 Qd7 35. Qb6 Bd3 36. Bd6 Bc4 37. a4 Qe8 38. b5 Qc8 39. Qa7+ Kg8 40. b6
Qd8 41. Qc7 1-0

[Event "23rd European Teams Women"]
[Site "Terme Catez SLO"]
[Date "2021.11.18"]
[Round "6.12"]
[Board "2"]
[White "Barbier, Wiebke"]
[Black "Hapala, Elisabeth"]
[Result "0-1"]
[BlackTitle "WFM"]
[WhiteElo "1964"]
[BlackElo "2139"]
[WhiteTeam "Belgium"]
[BlackTeam "Austria"]
[WhiteFideId "207977"]
[BlackFideId "1622080"]
[EventDate "2021.11.12"]

1. e4 c5 2. Be2 Nc6 3. d3 d5 4. exd5 Qxd5 5. Nf3 e5 6. Nc3 Qd8 7. O-O Nf6 8. Bg5
Be7 9. h3 Be6 10. Re1 O-O 11. Bh4 Nd5 12. Bxe7 Qxe7 13. Qd2 f6 14. Ne4 Nf4 15.
c3 Rad8 16. Qc2 Rd7 17. Bf1 Rfd8 18. Rad1 Rd5 19. Rd2 b6 20. Kh2 Qf7 21. b3 Qh5
22. Ng3 Qh6 23. Red1 Bg4 24. a3 Nxh3 25. gxh3 Bxf3 26. Bg2 Bxg2 27. Kxg2 Qg6 28.
Kh2 Ne7 29. Ne4 Qf5 30. Rg1 Qf4+ 31. Ng3 Nf5 32. Qd1 Nh4 33. Kh1 Nf3 0-1

[Event "23rd European Teams Women"]
[Site "Terme Catez SLO"]
[Date "2021.11.18"]
[Round "6.12"]
[Board "3"]
[White "Froewis, Annika"]
[Black "Vanduyfhuys, Daria"]
[Result "1-0"]
[WhiteTitle "WFM"]
[BlackTitle "WFM"]
[WhiteElo "2079"]
[BlackElo "1933"]
[WhiteTeam "Austria"]
[BlackTeam "Belgium"]
[WhiteFideId "1621432"]
[BlackFideId "246336"]
[EventDate "2021.11.12"]

1. d4 d5 2. Bf4 Nf6 3. e3 c5 4. c3 Qb6 5. Qb3 c4 6. Qc2 Nc6 7. Nd2 g6 8. e4 dxe4
9. Nxc4 Qd8 10. Bg5 Bg7 11. Ne3 Nxd4 12. Qa4+ Nc6 13. Bb5 O-O 14. Bxf6 Bxf6 15.
Ne2 a6 16. Bxc6 bxc6 17. Qxe4 Rb8 18. Qc2 Qb6 19. b3 Bg5 20. Nc4 Qc5 21. Ng3 Be6
22. Ne4 Qf5 23. Qe2 Bf4 24. O-O a5 25. Rfe1 a4 26. b4 Qd5 27. Na5 Bc7 28. Nc5
Bxa5 29. Nxe6 fxe6 30. bxa5 Rf6 31. a6 Rbf8 32. Rad1 Qc5 33. Qe3 Qc4 34. a7 Qxa2
35. Rd2 Qb3 36. Ra1 Rf5 37. f3 Ra5 38. Rd7 Kf7 39. Qf4+ Ke8 40. Qc7 Kf7 41. Qxa5 1-0

[Event "23rd European Teams Women"]
[Site "Terme Catez SLO"]
[Date "2021.11.18"]
[Round "6.13"]
[Board "1"]
[White "Unuk, Laura"]
[Black "Ptacnikova, Lenka"]
[Result "1/2-1/2"]
[WhiteTitle "IM"]
[BlackTitle "WGM"]
[WhiteElo "2353"]
[BlackElo "2200"]
[WhiteTeam "Slovenia 1"]
[BlackTeam "Iceland"]
[WhiteFideId "14609215"]
[BlackFideId "305650"]
[EventDate "2021.11.12"]

1. d4 d5 2. c4 dxc4 3. Nf3 Nf6 4. e3 e6 5. Bxc4 a6 6. Bb3 c5 7. O-O Nc6 8. Qe2
Qc7 9. Nc3 Bd6 10. h3 O-O 11. Bd2 b5 12. Rac1 Qb6 13. dxc5 Bxc5 14. Ng5 h6 15.
Nge4 Be7 16. f4 Bb7 17. Nxf6+ Bxf6 18. Ne4 Bxb2 19. Rc2 Na5 20. Bxa5 Qxa5 21.
Nc5 Ba3 22. f5 Bxc5 23. Rxc5 Qb6 24. Rcc1 Bd5 25. f6 g6 26. Kh1 Bxb3 27. axb3
Rac8 28. Qf3 e5 29. b4 Qe6 30. Rxc8 Rxc8 31. Qb7 Qc6 32. Qa7 Rd8 33. Rf2 Rd6 34.
Qe7 e4 35. Rc2 Rd1+ 36. Kh2 Qd6+ 37. g3 Rd2+ 38. Kh1 Rd1+ 39. Kh2 Rd2+ 40. Kh1
Rd1+ 1/2-1/2

[Event "23rd European Teams Women"]
[Site "Terme Catez SLO"]
[Date "2021.11.18"]
[Round "6.13"]
[Board "2"]
[White "Thorsteinsdottir, Hallgerdur"]
[Black "Urh, Zala"]
[Result "0-1"]
[WhiteTitle "WFM"]
[BlackTitle "WIM"]
[WhiteElo "2010"]
[BlackElo "2332"]
[WhiteTeam "Iceland"]
[BlackTeam "Slovenia 1"]
[WhiteFideId "2302454"]
[BlackFideId "14611481"]
[EventDate "2021.11.12"]

1. e4 e5 2. Nf3 Nc6 3. Bc4 Nf6 4. d3 h6 5. Nbd2 d6 6. c3 a5 7. a4 g6 8. Bb5 Bg7
9. d4 exd4 10. Nxd4 Bd7 11. O-O O-O 12. Re1 Re8 13. Nc2 g5 14. f3 Ne5 15. Bxd7
Qxd7 16. Nf1 g4 17. fxg4 Nexg4 18. Ng3 d5 19. exd5 Nxd5 20. h3 Rxe1+ 21. Qxe1
Re8 22. Qf1 Qd6 23. Qf3 Qc5+ 24. Kh1 Nf2+ 25. Kh2 Be5 26. Ne3 Ne4 27. Nf5 Re6
28. Nxh6+ Rxh6 29. Qxe4 Re6 30. Qg4+ Rg6 31. Bg5 Nf6 32. Qc8+ Kh7 33. h4 Ne4 34.
Rf1 Bxg3+ 35. Kh3 Qd5 36. Qg4 Nf2+ 37. Rxf2 Bxf2 38. Qh5+ Kg8 39. Qe2 Qe6+ 0-1

[Event "23rd European Teams Women"]
[Site "Terme Catez SLO"]
[Date "2021.11.18"]
[Round "6.13"]
[Board "4"]
[White "Acevedo Mendez, Lisseth"]
[Black "Krivec, Jana"]
[Result "0-1"]
[WhiteTitle "WIM"]
[BlackTitle "WGM"]
[WhiteElo "1803"]
[BlackElo "2227"]
[WhiteTeam "Iceland"]
[BlackTeam "Slovenia 1"]
[WhiteFideId "6502938"]
[BlackFideId "14601982"]
[EventDate "2021.11.12"]

1. e4 e5 2. Nf3 Nc6 3. d4 exd4 4. Nxd4 g6 5. Nxc6 bxc6 6. Bc4 Bg7 7. O-O Ne7 8.
c3 O-O 9. Be3 d5 10. Bd3 f5 11. exf5 Nxf5 12. Bc5 Nd6 13. Qa4 Bd7 14. Nd2 Qg5
15. f4 Qg4 16. Rae1 Rab8 17. Nb3 Bh6 18. Be2 Qh4 19. g3 Qd8 20. Bd3 Re8 21. Bxd6
cxd6 22. Rxe8+ Qxe8 23. Qd4 Bg7 24. Qf2 c5 25. Re1 Qf7 26. Bf1 Re8 27. Rxe8+
Bxe8 28. Bg2 Qf5 29. Qd2 Bf7 30. h3 d4 31. cxd4 Qb1+ 32. Kh2 Qxa2 33. Nc1 Qc4
34. dxc5 Qxc5 35. Ne2 Qf2 36. Kh1 Qc5 37. g4 h6 38. Ng3 Qd4 39. Qxd4 Bxd4 40. f5
Bxb2 41. fxg6 Bxg6 42. Bd5+ Kg7 43. Kg2 Kf6 44. Kf3 Ke5 45. Bb3 d5 46. Nf5 Bc1
47. Ne7 Be4+ 48. Ke2 d4 49. Bc4 Bg5 50. Nc8 a5 51. Nb6 Kf4 52. Bd3 Bf3+ 53. Kf1
Kg3 54. Nc4 a4 55. Ne5 Bd5 56. Ke2 a3 0-1

[Event "23rd European Teams Women"]
[Site "Terme Catez SLO"]
[Date "2021.11.18"]
[Round "6.14"]
[Board "1"]
[White "Atalik, Ekaterina"]
[Black "Stojkovska, Monika"]
[Result "1-0"]
[WhiteTitle "IM"]
[BlackTitle "WFM"]
[WhiteElo "2430"]
[BlackElo "2066"]
[WhiteTeam "Turkey"]
[BlackTeam "North Macedonia"]
[WhiteFideId "4130189"]
[BlackFideId "15002594"]
[EventDate "2021.11.12"]

1. d4 Nf6 2. c4 e6 3. Nf3 b6 4. g3 Bb7 5. Bg2 Be7 6. O-O O-O 7. Re1 Na6 8. a3 d5
9. cxd5 Nxd5 10. e4 Nf6 11. Nc3 c5 12. d5 exd5 13. exd5 Re8 14. Ne5 Bd6 15. Nc4
Nc7 16. Bg5 Rxe1+ 17. Qxe1 h6 18. Bxf6 gxf6 19. Qe2 Ne8 20. Qh5 Bf8 21. Ne3 Bc8
22. Ng4 Bxg4 23. Qxg4+ Bg7 24. d6 Rb8 25. Rd1 b5 26. Ne4 f5 27. Qxf5 Bd4 28.
Nxc5 Nxd6 29. Qg4+ Bg7 30. Nb7 Qc8 31. Qxc8+ Nxc8 32. Rd8+ Bf8 33. Nc5 Kg7 34.
Rxf8 Kxf8 35. Nd7+ Ke7 36. Nxb8 Kd6 37. Nc6 f6 38. Kf1 1-0

[Event "23rd European Teams Women"]
[Site "Terme Catez SLO"]
[Date "2021.11.18"]
[Round "6.15"]
[Board "1"]
[White "Toma, Katarzyna"]
[Black "Cvitan, Ena"]
[Result "1-0"]
[WhiteTitle "WGM"]
[BlackTitle "FM"]
[WhiteElo "2261"]
[BlackElo "2234"]
[WhiteTeam "England"]
[BlackTeam "Croatia"]
[WhiteFideId "1119907"]
[BlackFideId "14534215"]
[EventDate "2021.11.12"]

1. e4 c6 2. Nc3 d5 3. Nf3 Bg4 4. h3 Bh5 5. exd5 cxd5 6. Bb5+ Nc6 7. g4 Bg6 8.
Ne5 Rc8 9. d4 e6 10. Bxc6+ bxc6 11. Qe2 Qb6 12. f4 Ne7 13. O-O Qxd4+ 14. Be3 Qb4
15. f5 exf5 16. Nd3 Qd6 17. Bf4 Qd8 18. g5 f6 19. Rae1 Bf7 20. gxf6 gxf6 21. Nc5
Rg8+ 22. Kh2 Rb8 23. Na6 Rb6 24. Na4 Kd7 25. Bc7 Rxa6 26. Bxd8 Rxa4 27. Bxe7 Re4
28. Qf3 Bxe7 29. Qxf5+ Be6 30. Qxh7 f5 31. Rxe4 fxe4 32. Rg1 Re8 33. Rg7 Kd8 34.
Qh6 Bd7 35. Kg2 e3 36. Qxe3 Bf6 37. Rxd7+ Kxd7 38. Qxa7+ Kd6 39. Qf7 Re6 40.
Qf8+ Kd7 41. b3 Be7 42. Qf5 Kd6 43. a4 Rf6 44. Qd3 Rf8 45. a5 Rg8+ 46. Kf1 Rf8+
47. Ke2 Bh4 48. Qg6+ Rf6 49. Qg4 Bf2 50. a6 1-0

[Event "23rd European Teams Women"]
[Site "Terme Catez SLO"]
[Date "2021.11.19"]
[Round "7.3"]
[Board "3"]
[White "Simkunaite, Gabija"]
[Black "Markantonaki, Haritomeni"]
[Result "1-0"]
[BlackTitle "WFM"]
[WhiteElo "1962"]
[BlackElo "2174"]
[WhiteTeam "Lithuania"]
[BlackTeam "Greece"]
[WhiteFideId "12808253"]
[BlackFideId "4207050"]
[EventDate "2021.11.12"]

1. e4 c5 2. Nf3 e6 3. g3 Nc6 4. Bg2 g6 5. O-O Bg7 6. c3 Nge7 7. d4 cxd4 8. Nxd4
O-O 9. Nxc6 bxc6 10. Qd6 Re8 11. Rd1 Qa5 12. Bf4 Qh5 13. Nd2 g5 14. Qc5 d5 15.
Bd6 Bf8 16. Bxe7 Rxe7 17. Qxc6 Bb7 18. Qa4 dxe4 19. Bxe4 Rc8 20. Bxb7 Rxb7 21.
Ne4 Qg6 22. Rab1 Rbc7 23. Nd2 h6 24. Qe4 f5 25. Qe2 g4 26. Nb3 Re8 27. Qe5 Qf7
28. Rd2 Bg7 29. Qb5 Rb7 30. Qa4 h5 31. Rbd1 Ree7 32. c4 Bh6 33. Rd8+ Kh7 34. c5
f4 35. Qe4+ Kg7 36. Qe5+ Kg6 37. c6 Rbc7 38. R1d6 fxg3 39. hxg3 Bg7 40. Qe2 Qf5
41. Qc4 Be5 42. Rd2 Qf3 43. Na5 h4 44. gxh4 Kh5 45. Re2 Qf5 46. b4 Kxh4 47. Qe4
Qxe4 48. Rxe4 Bc3 49. Rc4 Be5 50. f3 Kg3 51. fxg4 Rf7 52. Rd3+ Rf3 53. Rxf3+
Kxf3 54. Nb3 Kg3 55. Nc5 Re7 56. Re4 Bf4 57. Nxe6 Bd6 58. a3 a6 59. Kf1 Rh7 60.
Ke2 Rh1 61. Rc4 Rh2+ 62. Kd3 Ra2 63. g5 Rxa3+ 64. Kd4 Ra1 65. Kd5 Rd1+ 66. Rd4 1-0

[Event "23rd European Teams Women"]
[Site "Terme Catez SLO"]
[Date "2021.11.19"]
[Round "7.5"]
[Board "4"]
[White "Ciolacu, Alessia-Mihaela"]
[Black "Mihok-Juhasz, Barbara"]
[Result "0-1"]
[WhiteTitle "WFM"]
[BlackTitle "WIM"]
[WhiteElo "2263"]
[BlackElo "2258"]
[WhiteTeam "Romania"]
[BlackTeam "Hungary"]
[WhiteFideId "1252640"]
[BlackFideId "743585"]
[EventDate "2021.11.12"]

1. d4 Nf6 2. c4 g6 3. Nc3 Bg7 4. e4 d6 5. h3 e5 6. d5 a5 7. Be3 Na6 8. g4 Nc5 9.
f3 h5 10. g5 Nh7 11. h4 f6 12. gxf6 Bxf6 13. Bf2 O-O 14. Qd2 Kg7 15. O-O-O Be7
16. Kb1 Rf4 17. Qe1 Bd7 18. Bg3 Rf7 19. Bg2 Nf6 20. Nh3 Bxh3 21. Bxh3 Nfd7 22.
Qe3 Nb6 23. Bf1 Kh7 24. Be2 Bf8 25. Qg1 Bh6 26. Bxe5 dxe5 27. Qxc5 Bf8 28. Qg1
Nd7 29. f4 Rxf4 30. Qg3 Qf6 31. d6 c6 32. Rhg1 Bh6 33. Rg2 Rxh4 34. Rdg1 Nf8 35.
c5 Rd8 36. Bd1 Qf4 37. Bb3 Qxg3 38. Rxg3 Bf4 39. R3g2 Be3 40. Rf1 Bxc5 41. Rf7+
Kh6 42. Rxb7 Rxd6 43. Rb8 Rf6 44. Re8 Bd4 45. Ne2 Rxe4 46. Nxd4 Rxd4 47. Ra8 g5
48. Rxa5 Ng6 49. a4 h4 50. Bc2 h3 51. Rh2 g4 52. Bxg6 Kxg6 53. Rxe5 Rxa4 54. Re8
Kg5 55. Rhe2 Raf4 56. Rh8 Rf2 57. Re4 h2 58. Rg8+ Kf5 59. Re1 0-1

[Event "23rd European Teams Women"]
[Site "Terme Catez SLO"]
[Date "2021.11.19"]
[Round "7.9"]
[Board "1"]
[White "Petrova, Kristyna"]
[Black "Repkova, Eva"]
[Result "1-0"]
[WhiteTitle "WGM"]
[BlackTitle "IM"]
[WhiteElo "2275"]
[BlackElo "2307"]
[WhiteTeam "Czech Republic"]
[BlackTeam "Slovakia"]
[WhiteFideId "309672"]
[BlackFideId "14900440"]
[EventDate "2021.11.12"]

1. d4 Nf6 2. c4 e6 3. Nc3 Bb4 4. e3 Nc6 5. Ne2 d5 6. cxd5 exd5 7. a3 Bd6 8. Qc2
O-O 9. Ng3 Re8 10. Be2 g6 11. Bd2 a5 12. O-O Bd7 13. Rfe1 Bf8 14. Rac1 Bg7 15.
Bd3 Be6 16. Bb5 Bd7 17. Bd3 Be6 18. Na4 Nd7 19. Qb3 Ra7 20. Ne2 Ne7 21. Nf4 c6
22. Nc5 Nxc5 23. dxc5 Bf5 24. Bf1 Be5 25. Ne2 Qc7 26. Ng3 Be6 27. Qc2 b5 28.
cxb6 Qxb6 29. b4 axb4 30. Bxb4 Qc7 31. Qc5 Rea8 32. Rc2 h5 33. Bd3 h4 34. Nf1
Qc8 35. e4 Bf4 36. Qd4 c5 37. Rxc5 Nc6 38. Rxc6 Qxc6 39. Bc3 Kf8 40. exd5 Qxd5
41. Qg7+ Ke7 42. Qf6+ Ke8 43. Be4 Qg5 44. Bc6+ Kf8 45. Qh8+ Ke7 46. Bxa8 1-0